000 00587nam a2200229Ia 4500
005 20250108124930.0
008 008 250107s9999 xx 000 0 eng d
020 _a978-93-88434-96-6
037 _aTB
040 _aCRL
_beng
_cCRL
041 _aeng
_2eng
084 _aX5.1 Q7
084 _qCRL
100 _aAhuja M. L. Au.
245 0 _aWomen in Indian mythology
_cAhuja M. L. Au.
260 _aNew Delhi, India
_bRupa Parkashan
_c2719
300 _axvi, 109p.
365 _aINR
_b300
650 _aRELIGION
942 _cTB
_hX5.1 Q7
999 _c1235107
_d1235107